000 00691nam a2200241Ia 4500
008 160319s9999 xx 000 0 und d
020 _a971-725-112-8
050 _aFIL LB 1051
050 _b.V44 2004
100 _aVega, Violeta A.
245 _aPsychological, anthropological and sociological foundations of education /
245 _cVioleta A. Vega.
260 _aMakati City:
260 _bGrandwater Pub.,
260 _c2004
300 _a135 pages :
300 _billustrations ;
300 _c26 cm.
500 _aIncludes bibliographical references.
650 _aEducational anthropology.
650 _aEducational sociology.
650 _xEducational psychology.
999 _c291620
_d291620